000 00220nam a2200097Ia 4500
008 190216s9999||||xx |||||||||||||| ||und||
100 _aVedubandhu
245 0 _aArtha Vinjaanam
260 _bKerala Basha Inst
942 _cBK
999 _c37682
_d37682